Playing the great game of golf : making every minute count
| Main Author: | |
|---|---|
| Other Authors: | , |
| Format: | Book |
| Published: |
New York :
William Morrow ,
1992
|
| Subjects: |
MARC
| LEADER | 00000cam a2200000 7i4500 | ||
|---|---|---|---|
| 001 | 0000001607 | ||
| 002 | 000001754 | ||
| 005 | 20000330.0 | ||
| 020 | |a 068812125X | ||
| 090 | 0 | 0 | |a 796.352 |b BLA |
| 100 | 1 | |a Blanchard, Ken | |
| 245 | 1 | 0 | |a Playing the great game of golf : |b making every minute count |c Ken Blanchard |
| 260 | |a New York : |b William Morrow , |c 1992 | ||
| 300 | |a 169p. ; |c 24cm. | ||
| 650 | 0 | 0 | |a Golf |
| 700 | 1 | |a Hogan, Chuck | |
| 700 | 1 | |a Toski, Bob | |
| 999 | |a 034522 |b BUKU |c PINJAMAN |e PERPUSTAKAAN KOMUNITI PETALING JAYA | ||